000 00403nam a2200157Ia 4500
008 240729s9999 xx 000 0 und d
022 _a1937-2426
245 0 _aJournal of Orthoptera Research
260 _aBulgaria
260 _bPensoft Publishers
650 _a Zoology
650 _aScience
856 _uhttps://doaj.org/toc/17814f151fbb4d7b8098c166fb11da2f
942 _2ddc
942 _cDOAJEJ
999 _c66711
_d66711
945 _a1
_bMadushi Gamage
_c1
_dMadushi Gamage